00563nam a22002177a 450000500170000001000110001702000100002803500110003803700160004904000120006508200160007710000260009324500540011924600060017326000340017927000120021330000240022550000510024965000250030065000200032520170124105937.0 a476827 c00.00 a476827 bCen Lib/Ret aDPLbEN a327.73bFUL aFulbright, J. William aThe arrogance of power /cby J. William Fulbright b  bJonathan Cape aLondon c1967 bLondon  axv, 264p.c21cm(Hb) aIncludes bibliographical references and index  aForeign relation z  aArrogance power